|
|
|
|
| LEADER |
03072nam a2200517 4500 |
| 001 |
ocn917919958 |
| 003 |
OCoLC |
| 005 |
20170124071502.1 |
| 006 |
m o d |
| 007 |
cr cnu|||unuuu |
| 008 |
150812t20152016enk o 000 0 eng d |
| 040 |
|
|
|a DG1
|b eng
|e rda
|e pn
|c DG1
|d OCLCO
|d N$T
|d OCLCO
|d IDEBK
|d OCLCF
|d OCLCO
|d DEBSZ
|d DEBBG
|d KSU
|d GrThAP
|
| 020 |
|
|
|a 9781118900352
|q electronic bk.
|
| 020 |
|
|
|a 1118900359
|q electronic bk.
|
| 020 |
|
|
|a 9781118900376
|q electronic bk.
|
| 020 |
|
|
|a 1118900375
|q electronic bk.
|
| 020 |
|
|
|z 9781118900345
|
| 024 |
7 |
|
|a 10.1002/9781118900352
|2 doi
|
| 029 |
1 |
|
|a GBVCP
|b 835783790
|
| 029 |
1 |
|
|a DEBSZ
|b 461171775
|
| 029 |
1 |
|
|a DEBBG
|b BV043397985
|
| 035 |
|
|
|a (OCoLC)917919958
|
| 050 |
|
4 |
|a QC454.F7
|
| 072 |
|
7 |
|a TEC
|x 009070
|2 bisacsh
|
| 082 |
0 |
4 |
|a 621.36
|2 23
|
| 049 |
|
|
|a MAIN
|
| 100 |
1 |
|
|a Khare, Kedar,
|e author.
|
| 245 |
1 |
0 |
|a Fourier optics and computational imaging /
|c Kedar Khare.
|
| 264 |
|
1 |
|a Chichester, West Sussex, United Kingdom :
|b Wiley,
|c [2015].
|
| 264 |
|
4 |
|c ©2016
|
| 300 |
|
|
|a 1 online resource.
|
| 336 |
|
|
|a text
|b txt
|2 rdacontent
|
| 337 |
|
|
|a computer
|b c
|2 rdamedia
|
| 338 |
|
|
|a online resource
|b cr
|2 rdacarrier
|
| 505 |
0 |
|
|a Introduction / Kedar Khare -- Mathematical Preliminaries. Fourier Series and Transform / Kedar Khare -- Sampling Theorem / Kedar Khare -- Operational Introduction to Fast Fourier Transform / Kedar Khare -- Linear Systems Formalism and Introduction to Inverse Problems in Imaging / Kedar Khare -- Constrained Optimization Methods for Image Recovery / Kedar Khare -- Random Processes / Kedar Khare -- Concepts in Optics. Geometrical Optics Essentials / Kedar Khare -- Wave Equation and Introduction to Diffraction of Light / Kedar Khare -- The Angular Spectrum Method / Kedar Khare -- Fresnel and Fraunhoffer Diffraction / Kedar Khare -- Coherence of Light Fields / Kedar Khare -- Polarization of Light / Kedar Khare -- Analysis of Optical Systems / Kedar Khare -- Imaging from Information Point of View / Kedar Khare -- Selected Computational Imaging Systems. Digital Holography / Kedar Khare -- Phase Retrieval from Intensity Measurements / Kedar Khare -- Compact Multi-Lens Imaging Systems / Kedar Khare -- PSF Engineering / Kedar Khare -- Structural Illumination Imaging / Kedar Khare -- Image Reconstruction from Projection Data / Kedar Khare -- Ghost Imaging / Kedar Khare -- Appendix: Suggested Excercises / Kedar Khare.
|
| 500 |
|
|
|a Includes index.
|
| 588 |
0 |
|
|a Online resource; title from PDF title page (John Wiley, viewed August 12, 2015).
|
| 650 |
|
0 |
|a Fourier transform optics.
|
| 650 |
|
0 |
|a Image processing
|x Mathematics.
|
| 650 |
|
7 |
|a TECHNOLOGY & ENGINEERING / Mechanical
|2 bisacsh
|
| 650 |
|
7 |
|a Fourier transform optics.
|2 fast
|0 (OCoLC)fst00933409
|
| 650 |
|
7 |
|a Image processing
|x Mathematics.
|2 fast
|0 (OCoLC)fst00967525
|
| 655 |
|
4 |
|a Electronic books.
|
| 776 |
0 |
8 |
|i Erscheint auch als:
|a Khare, Kedar
|t Fourier Optics and computational imaging
|
| 856 |
4 |
0 |
|u https://doi.org/10.1002/9781118900352
|z Full Text via HEAL-Link
|
| 994 |
|
|
|a 92
|b DG1
|